00745cam a22002051 4500001001300000003000400013005001700017008004100034010001700075035001900092040001800111050001800129100003100147245008900178260007000267300005800337490007900395504004300474650002200517agr28000867 DLC20260227110947.0750813s1927 fr af b 000 0 eng  aagr28000867  a(OCoLC)1542097 aDLCcFMUdDLC00aQL391.C4bB251 aBaer, Jean Georges,d1902-00a...Monographic des cestodes de la famille des Anoplocephalidae,cpar Jean-G. Baer... aParis,bLes presses universitaires de France; [etc., etc.]c1927. avi, 241 [8] p.billus., IV fold. pl., diagrs.c26 cm.0 aSupplements an Bulletin biologique de France et de Belgique. Supplement X. a"Index bibliographique": p. [232]-241. 0aAnoplocephalidae.